000 01151nam a2200289 a 4500
001 BRCA_8649
005 20190320210345.0
008 041016s1960----mx-b######---#000-0#spa-#
041 _aspa
044 _amx
050 4 _aBS299
_p.S26
_b1960
245 1 0 _aLa santa biblia antiguo y nuevo testamento.
260 _aMéxico
_bSociedades bíblicas en América Latina
_c1960
300 _a1 vol. (con varias paginaciones)
_bmapas, col.
_c19 cm
500 _aFondo antiguo
500 _aSe encuentra en Caja Fuerte
500 _aCO-1
500 _aAntigua versión de Casiodoro de Reina (1549). Revisada por Cipriano de Valera (1602) otras revisiones: 1862,1909 y 1960
500 _aIncluye referencias
500 _aIncluye tabla de los libros del antiguo y nuevo testamento, tabla de pesos y medidas
500 _aTexto impreso a dos columnas
500 _aNota de encuadernación: ejemplar conservado en estuche de keratol con cierre, edición de cantos rojos
506 0 _aFondo reservado: para su consulta es necesario credencial de usuario y carta de motivos
650 1 4 _aBiblia
_eEspañol
_921580
902 _aLAR
942 _2lcc
_cB
999 _c8308
_d8308